[Event "Ile et Vilaine-chA 0001"]
[Site "Ile et Vilaine"]
[Date "2001.01.27"]
[Round "5"]
[White "Lepagnol, Eric"]
[Black "Villette, Renaud"]
[Result "0-1"]
[WhiteElo "1690"]
[BlackElo "1570"]
[PlyCount "106"]
[EventDate "2000.10.21"]
[EventType "swiss"]
[EventRounds "7"]
[EventCountry "FRA"]
[SourceTitle "EXT 2007"]
[Source "ChessBase"]
[SourceDate "2006.11.23"]
[SourceVersion "1"]
[SourceVersionDate "2006.11.23"]
[SourceQuality "1"]

1. d4 d5 2. c4 e6 3. Nc3 Nf6 4. Bg5 Be7 5. Nf3 Nbd7 6. e3 c5 7. cxd5 exd5 8. dxc5 Bxc5 9. Nxd5 Qa5+ 10. Nc3 Ne4 11. Qc2 Nxc3 12. bxc3 0-0 13. Bd3 h6 14. Bf4 Nf6 15. Nd2 Bd7 16. Nb3 Qb6 17. 0-0 Rac8 18. Be5 Ng4 19. Nxc5 Rxc5 20. Bd4 Qc7 21. g3 Rh5 22. Be2 Qc6 23. Qd1 Qe6 24. Bxg4 Qxg4 25. Qxg4 Bxg4 26. Rab1 Bf3 27. Rb4 Rd8 28. Rfb1 Rdd5 29. Bxa7 Ra5 30. Bb8 Rxa2 31. Rf4 Bc6 32. Rfb4 Rd5 33. Rd4 Rc5 34. Rc1 Rca5 35. Bc7 Ra6 36. Rdd1 Rb2 37. Be5 Raa2 38. Rf1 Rd2 39. Bf4 Bd5 40. e4 Bc4 41. Bxd2 Bxf1 42. Bxh6 Bd3 43. Be3 Bxe4 44. c4 Bc6 45. c5 Rb2 46. Kf1 f6 47. Ke1 Kf7 48. h4 Ke6 49. Rd1 Kf5 50. Rd8 Bf3 51. Rd4 Ke5 52. Rd7 Rb1+ 53. Kd2 Rd1+ 0-1

[Event "Ile et Vilaine-chA 0001"]
[Site "Ile et Vilaine"]
[Date "2000.12.02"]
[Round "3"]
[White "Dupitier, Mickael"]
[Black "Villette, Renaud"]
[Result "1-0"]
[WhiteElo "1530"]
[BlackElo "1640"]
[PlyCount "83"]
[EventDate "2000.10.21"]
[EventType "swiss"]
[EventRounds "7"]
[EventCountry "FRA"]
[SourceTitle "EXT 2007"]
[Source "ChessBase"]
[SourceDate "2006.11.23"]
[SourceVersion "1"]
[SourceVersionDate "2006.11.23"]
[SourceQuality "1"]

1. c4 e5 2. Nc3 Nf6 3. g3 Nc6 4. Bg2 Bc5 5. e3 d6 6. Nge2 Be6 7. b3 Qd7 8. 0-0 Bh3 9. d4 Bxg2 10. Kxg2 Bb6 11. Na4 0-0-0 12. Nxb6+ cxb6 13. d5 Nb8 14. a4 a5 15. Rb1 Na6 16. Ba3 h5 17. b4 h4 18. Rh1 h3+ 19. Kf1 Qg4 20. Rg1 Ne4 21. Nc3 Qxd1+ 22. Nxd1 Nd2+ 23. Ke2 Nxb1 24. Bb2 Nxb4 25. e4 Rd7 26. Ne3 Rf8 27. Rxb1 g6 28. g4 Rc7 29. f3 Kb8 30. Ba3 Ka7 31. Bxb4 axb4 32. Rxb4 Ka6 33. Kd3 Ka5 34. Kc3 f5 35. gxf5 gxf5 36. Nxf5 Rd7 37. Rb5+ Ka6 38. Kd3 Rc8 39. Rb4 Ka5 40. Kc3 Re8 41. Rb5+ Kxa4 42. Rb1 1-0

[Event "FRA-chT4 0001"]
[Site "Bretagne"]
[Date "2000.11.19"]
[Round "2"]
[White "Villette, Renaud"]
[Black "Mouden, Herve"]
[Result "0-1"]
[WhiteElo "1640"]
[BlackElo "1740"]
[PlyCount "72"]
[EventDate "2000.10.??"]
[EventType "team"]
[EventRounds "7"]
[EventCountry "FRA"]
[SourceTitle "EXT 2005"]
[Source "ChessBase"]
[SourceDate "2004.11.15"]
[SourceVersion "1"]
[SourceVersionDate "2004.11.15"]
[SourceQuality "1"]

1. e4 c6 2. d4 d5 3. exd5 cxd5 4. c4 Nf6 5. c5 Nc6 6. Nf3 a6 7. Be2 b6 8. b4 Bd7 9. a3 e6 10. Nc3 bxc5 11. bxc5 g6 12. 0-0 Bg7 13. Bf4 0-0 14. Bd6 Re8 15. Rb1 Qa5 16. Qc2 Rec8 17. Na4 Nxd4 18. Nxd4 Bxa4 19. Qb2 Ne4 20. Qb4 Qxb4 21. Rxb4 Nc3 22. Re1 a5 23. Rxa4 Nxa4 24. Nf3 Nxc5 25. Bb5 Ne4 26. Bf4 a4 27. Ne5 g5 28. Bg3 Nxg3 29. hxg3 Bxe5 30. Rxe5 h6 31. Re3 Rc1+ 32. Kh2 Rac8 33. Bxa4 R8c3 34. Re2 Rxa3 35. Bb5 g4 36. Rb2 Raa1 0-1